Let's ditch the JCT (Record no. 69617)
[ view plain ]
| 000 -LEADER | |
|---|---|
| fixed length control field | 01474cam a2200253 4500 |
| 001 - CONTROL NUMBER | |
| control field | ABS65092 |
| 008 - FIXED-LENGTH DATA ELEMENTS--GENERAL INFORMATION | |
| fixed length control field | 020227n2002 000 0 eng u |
| 035 ## - SYSTEM CONTROL NUMBER | |
| System control number | (Sirsi) u116880 |
| 100 ## - MAIN ENTRY--PERSONAL NAME | |
| Personal name | Pike, A. |
| 245 ## - TITLE STATEMENT | |
| Title | Let's ditch the JCT |
| 260 ## - PUBLICATION, DISTRIBUTION, ETC. | |
| Date of publication, distribution, etc. | 2002 |
| 490 ## - SERIES STATEMENT | |
| Series statement | Building |
| Volume/sequential designation | 267(8221) 15 February 2002, 54(1) |
| 520 ## - SUMMARY, ETC. | |
| Summary, etc. | Argues that the continued use of JCT forms, when there are less complex alternatives, is surprising. NEC documents and GC/Works contracts are suggested as less biased towards employers and written in plain English. "Crown Estate Commissioners v John Mowlem & Company" showed the effect on employers interests of clause 30.9.1.1 of previous issues of JCT to the 98 version, where a final certificate would have protected the contractor from liability even if a building had collapsed shortly afterwards. GC/Works/1 With Quantities 1998, deals with this same scenario with more protection for the project manager. The use of JCT with substantial amendments is commonplace, and could be sensibly replaced by other forms. |
| 590 ## - LOCAL NOTE (RLIN) | |
| Local note | ABS |
| 650 ## - SUBJECT ADDED ENTRY--TOPICAL TERM | |
| Topical term or geographic name entry element | JCT80 |
| 650 ## - SUBJECT ADDED ENTRY--TOPICAL TERM | |
| Topical term or geographic name entry element | JCT STANDARD FORM OF BUILDING CONTRACT (1998 EDITION) |
| 650 ## - SUBJECT ADDED ENTRY--TOPICAL TERM | |
| Topical term or geographic name entry element | NEC |
| 650 ## - SUBJECT ADDED ENTRY--TOPICAL TERM | |
| Topical term or geographic name entry element | BUILT ENVIRONMENT-BUILDING CONTRACT FORMS-STANDARD FORMS OF BUILDING CONTRACT-GC/WORKS CONTRACTS |
| 650 ## - SUBJECT ADDED ENTRY--TOPICAL TERM | |
| Topical term or geographic name entry element | GC/WORKS/1 |
| 650 ## - SUBJECT ADDED ENTRY--TOPICAL TERM | |
| Topical term or geographic name entry element | CROWN ESTATE COMMISSIONERS V JOHN MOWLEM AND CO LTD |
| 650 ## - SUBJECT ADDED ENTRY--TOPICAL TERM | |
| Topical term or geographic name entry element | Contracts |
| 9 (RLIN) | 6232 |
| 690 ## - LOCAL SUBJECT ADDED ENTRY--TOPICAL TERM (OCLC, RLIN) | |
| Topical term or geographic name as entry element | BUILDING AND CONSTRUCTION-LAW |
| 942 ## - ADDED ENTRY ELEMENTS (KOHA) | |
| Suppress in OPAC | 0 |
| Withdrawn status | Lost status | Source of classification or shelving scheme | Damaged status | Not for loan | Home library | Current library | Shelving location | Date acquired | Total Checkouts | Full call number | Barcode | Date last seen | Copy number | Price effective from | Koha item type |
|---|---|---|---|---|---|---|---|---|---|---|---|---|---|---|---|
| Dewey Decimal Classification | London | London | Journal article | 27/02/2002 | ABS65092 | 116880-1001 | 06/08/2019 | 1 | 06/08/2019 | Journal article |